| 000 | 00451nam a2200193Ia 4500 | ||
|---|---|---|---|
| 005 | 20250603145558.0 | ||
| 008 | 250603s9999 xx 000 0 und d | ||
| 020 | _a0-619-06489-7 | ||
| 050 | _aT 58.6 .S72/ | ||
| 100 | _aRalph M. Stair | ||
| 245 | 0 | _aPrinciples of Information Systems | |
| 250 | _a6 | ||
| 260 | _aMassachusetts | ||
| 260 | _bCourse Technology | ||
| 260 | _c2003 | ||
| 300 | _a697 p | ||
| 650 | _aMassachusetts | ||
| 942 | _cBK | ||
| 999 |
_c42257 _d42257 |
||